000 00593nam a22001932 4500
001 0000007146
005 20151217155831.0
008 071121s xx 000 0 eng d
020 _cKES
040 _aKABU
_cKABU
110 2 _aMoi African Institute.
_@0000158230
245 1 0 _aMoi African Institute :
_btowards a secure, stable and prosperous Africa /
_cMoi African Institute.
260 _aNairobi :
_bMAIN,
_c[2004]
300 _a[8] p.
650 0 _aMoi Afrcan Institute.
_@0000158231
908 _a071121
950 _@1
999 _c13042
_d13042